| 000 | 01542nam a22004097a 4500 | ||
|---|---|---|---|
| 001 | 12475080 | ||
| 003 | OSt | ||
| 005 | 20210426115849.0 | ||
| 008 | 010718s2002 nyu b 001 0 eng | ||
| 010 | _a 2001045556 | ||
| 020 | _a0471152943 (cloth : alk. paper) | ||
| 040 |
_aDLC _cDLC _dDLC _beng |
||
| 041 | _aeng | ||
| 042 | _apcc | ||
| 050 | 0 | 0 |
_aHG4521 _b.L332 2002 |
| 080 |
_a336 _bL-44 |
||
| 082 | 0 | 0 |
_a332.6 _221 |
| 100 | 1 | _aLeBaron, Dean. | |
| 245 | 1 | 0 |
_aDean LeBaron's treasury of investment wisdom : _b30 great investing minds / _c/ by: John Wiley and Sons |
| 246 | 3 | 0 | _aTreasury of investment wisdom |
| 260 |
_aNew York _bJohn Wiley and Sons _cc2002. |
||
| 300 |
_ax, 310 p. _c24 cm. |
||
| 365 | _b24.95 usd | ||
| 504 | _aIncludes bibliographical references (p. 281-302) and index. | ||
| 650 | 0 | _aInvestments. | |
| 650 | 0 |
_aFinances _9454 |
|
| 650 | 0 | _aStock exchanges. | |
| 653 | _aფინანსები | ||
| 653 | _aინვესტიციები | ||
| 700 | 1 | _aVaitilingam, Romesh. | |
| 856 | 4 | 2 |
_3Contributor biographical information _uhttp://www.loc.gov/catdir/bios/wiley043/2001045556.html |
| 856 | 4 | 2 |
_3Publisher description _uhttp://www.loc.gov/catdir/description/wiley036/2001045556.html |
| 856 | 4 | 1 |
_3Table of contents _uhttp://www.loc.gov/catdir/toc/wiley021/2001045556.html |
| 906 |
_a7 _bcbc _corignew _d1 _eocip _f20 _gy-gencatlg |
||
| 942 |
_2udc _cBK |
||
| 999 |
_c1025 _d1025 |
||